<?xml version="1.0" encoding="UTF-8"?>
<marc:record xmlns:marc="http://www.loc.gov/MARC21/slim">
   <marc:leader>00000nam a2200000 a 4500</marc:leader>
   <marc:datafield ind1="1" ind2=" " tag="100">
      <marc:subfield code="a">Sokolowski, Ilka</marc:subfield>
      <marc:subfield code="4">aut</marc:subfield>
      <marc:subfield code="e">Verfasser/-in</marc:subfield>
   </marc:datafield>
   <marc:datafield ind1=" " ind2=" " tag="653">
      <marc:subfield code="a">Kinder</marc:subfield>
   </marc:datafield>
   <marc:datafield ind1=" " ind2=" " tag="653">
      <marc:subfield code="a">Sachbuch</marc:subfield>
   </marc:datafield>
   <marc:datafield ind1=" " ind2=" " tag="653">
      <marc:subfield code="a">Auto</marc:subfield>
   </marc:datafield>
   <marc:datafield ind1="0" ind2="0" tag="245">
      <marc:subfield code="a">Wie wird ein Auto gebaut?</marc:subfield>
   </marc:datafield>
   <marc:datafield ind1=" " ind2="1" tag="264">
      <marc:subfield code="b">Edition Bücherbär</marc:subfield>
      <marc:subfield code="c">2004</marc:subfield>
   </marc:datafield>
   <marc:datafield ind1="1" ind2=" " tag="490">
      <marc:subfield code="a">Mein erstes Bilderwissen</marc:subfield>
   </marc:datafield>
   <marc:datafield ind1="1" ind2=" " tag="520">
      <marc:subfield code="a">Jona und Jule sind sehr aufgeregt. Sie dürfen mit Mama und Papa in die Autofabrik, um den neuen Wagen abzuholen. Der Werksführer erklärt ihnen wie ein Auto gebaut wird. Von der Karosserie, der Lackierung, dem Einsetzen der Einzelteile bis hin zur Auslieferungshalle. Herr Kraus, der Werksführer, zeigt ihnen alles bis ins Detail. Jan und Jule staunen nicht schlecht und sind sehr stolz auf das neue Auto. Ein wundervolles Kinderbuch, welches, ausgestattet mit spielerischen Effekten wie z. B. der Seite zum Herausziehen, den Drehscheiben oder den Klappen, sicherlich das Interesse der Kinder weckt. *BS* Carina Frey</marc:subfield>
   </marc:datafield>
   <marc:datafield ind1=" " ind2=" " tag="020">
      <marc:subfield code="a">9783401083483</marc:subfield>
      <marc:subfield code="9">9783401083483</marc:subfield>
   </marc:datafield>
</marc:record>
